Интернет-технологии в обучении иностранному языку: персональный сайт преподавателя; Современные тенденции в преподавании иностранных языков в неязыковом вузе; № 7 : материалы международной очной научно-практической конференции, Красноярск, 14 Мая 2013
| Parent link: | Современные тенденции в преподавании иностранных языков в неязыковом вузе № 7 : материалы международной очной научно-практической конференции, Красноярск, 14 Мая 2013.— 2013.— [С. 143-149] |
|---|---|
| Glavni avtor: | |
| Izvleček: | Заглавие с экрана Рассматриваются различные способы применения современных интернет технологий в обучении иностранному языку. Также особое внимание уделяется организации самостоятельной работы студентов с использованием ресурсов всемирной сети. Более того, в статье предлагается для обсуждения персональный сайт преподавателя НИ ТПУ, созданного как для работы со студентами, так и для сотрудничества с коллегами. Different methods for the application of modern Inter-net technology in learning a foreign language. Also, special attention is given to the organization of independent work of students with the use of resources of the Web. Furthermore, the article suggests to discuss the teacher's personal NR TPU created for work with students and to collaborate with colleagues. |
| Jezik: | ruščina |
| Izdano: |
2013
|
| Teme: | |
| Online dostop: | https://www.elibrary.ru/item.asp?id=22560817 |
| Format: | MixedMaterials Elektronski Book Chapter |
| KOHA link: | https://koha.lib.tpu.ru/cgi-bin/koha/opac-detail.pl?biblionumber=663801 |
MARC
| LEADER | 00000naa0a2200000 4500 | ||
|---|---|---|---|
| 001 | 663801 | ||
| 005 | 20250506170038.0 | ||
| 035 | |a (RuTPU)RU\TPU\network\34971 | ||
| 035 | |a RU\TPU\network\2638 | ||
| 090 | |a 663801 | ||
| 100 | |a 20210310d2013 k||y0rusy50 ca | ||
| 101 | 0 | |a rus | |
| 102 | |a RU | ||
| 135 | |a drcn ---uucaa | ||
| 181 | 0 | |a i | |
| 182 | 0 | |a b | |
| 200 | 1 | |a Интернет-технологии в обучении иностранному языку: персональный сайт преподавателя |d Internet technology in teaching foreign language: personal site instructor |f О. В. Сумцова | |
| 203 | |a Текст |c электронный | ||
| 300 | |a Заглавие с экрана | ||
| 330 | |a Рассматриваются различные способы применения современных интернет технологий в обучении иностранному языку. Также особое внимание уделяется организации самостоятельной работы студентов с использованием ресурсов всемирной сети. Более того, в статье предлагается для обсуждения персональный сайт преподавателя НИ ТПУ, созданного как для работы со студентами, так и для сотрудничества с коллегами. | ||
| 330 | |a Different methods for the application of modern Inter-net technology in learning a foreign language. Also, special attention is given to the organization of independent work of students with the use of resources of the Web. Furthermore, the article suggests to discuss the teacher's personal NR TPU created for work with students and to collaborate with colleagues. | ||
| 461 | |t Современные тенденции в преподавании иностранных языков в неязыковом вузе | ||
| 463 | |t № 7 : материалы международной очной научно-практической конференции, Красноярск, 14 Мая 2013 |v [С. 143-149] |d 2013 | ||
| 510 | 1 | |a Internet technology in teaching foreign language: personal site instructor |z eng | |
| 610 | 1 | |a электронный ресурс | |
| 610 | 1 | |a труды учёных ТПУ | |
| 700 | 1 | |a Сумцова |b О. В. |c лингвист |c старший преподаватель Томского политехнического университета, кандидат филологических наук |f 1977- |g Ольга Витальевна |3 (RuTPU)RU\TPU\pers\30355 |9 14700 | |
| 801 | 1 | |a RU |b 63413507 |c 20141010 | |
| 801 | 2 | |a RU |b 63413507 |c 20210310 |g RCR | |
| 850 | |a 63413507 | ||
| 856 | 4 | |u https://www.elibrary.ru/item.asp?id=22560817 | |
| 942 | |c CF | ||